Anatomy and physiology / (Record no. 18676)

MARC details
000 -LEADER
fixed length control field 00832cam a2200253 a 4500
005 - DATE AND TIME OF LATEST TRANSACTION
control field 20230609121349.0
008 - FIXED-LENGTH DATA ELEMENTS--GENERAL INFORMATION
fixed length control field 861028s1987 moua b 001 0 eng
010 ## - LIBRARY OF CONGRESS CONTROL NUMBER
LC control number 86028511
020 ## - INTERNATIONAL STANDARD BOOK NUMBER
ISBN 0801649250
040 ## - CATALOGING SOURCE
Original cataloging agency DLC
Transcribing agency DLC
Modifying agency DLC
050 00 - LIBRARY OF CONGRESS CALL NUMBER
Classification number QP34.5
Item number .T49 1987
082 00 - DEWEY DECIMAL CLASSIFICATION NUMBER
Classification number 611
Edition number 19
Item number THI-A
100 1# - MAIN ENTRY--AUTHOR
Author Name Thibodeau, Gary A.,
Dates associated with a name 1938-
245 10 - TITLE STATEMENT
Title Anatomy and physiology /
Statement of responsibility, etc. Gary A. Thibodeau ; illustration program by Ernest W. Beck, Joan M. Beck, James M. Krom.
260 ## - PUBLICATION, DISTRIBUTION, ETC.
Place of Publication St. Louis :
Name of publisher, distributor, etc. Times Mirror/Mosby College Pub.,
Date of publication, distribution, etc. 1987.
300 ## - PHYSICAL DESCRIPTION
Pages xix, 813 p. :
500 ## - GENERAL NOTE
General note Includes index.
504 ## - BIBLIOGRAPHY, ETC. NOTE
Bibliography, etc. note Bibliography: p. 778-782.
650 #0 - SUBJECT ADDED ENTRY--TOPICAL TERM
Subject / Department Human physiology.
650 #0 - SUBJECT ADDED ENTRY--TOPICAL TERM
Subject / Department Human anatomy.
700 ## - ADDED ENTRY--PERSONAL NAME
Personal name Gray A.Thibodeau
300 ## - PHYSICAL DESCRIPTION
-- col. ill. ;
-- 29 cm. +
906 ## - LOCAL DATA ELEMENT F, LDF (RLIN)
a 7
b cbc
c orignew
d 1
e ocip
f 19
g y-gencatlg
952 ## - LOCATION AND ITEM INFORMATION (KOHA)
-- 0
-- 0
Holdings
Lost status Damaged status Permanent Location Current Location Shelving Location Date acquired Full Call Number Accession No./Barcode Date last seen item type
    Superior Information Resource Center (SIRC) Superior University- Main Campus Superior Information Resource Center (SIRC) Superior University- Main Campus Human anatomy. 06/08/2023 611 THI-A 1987 6132 11/12/2025 BOOK

Powered by Koha